Detalles MARC
| 000 -LÍDER |
| Campo fijo de descripción fija |
01008nam a22003257a 4500 |
| 003 - IDENTIFICADOR DEL NÚMERO DE CONTROL |
| Campo de control |
BCEG |
| 005 - FECHA Y HORA DE LA ULTIMA TRANSACCIÓN |
| control field |
20260303124306.0 |
| 008 - ELEMENTOS DE LONGITUD FIJA -- INFORMACIÓN GENERAL |
| Campo fijo de descripción fija -- Información general |
260303s2009 mx a||||||||||||||||spa d |
| 020 ## - ISBN |
| Isbn |
9789708300667 |
| 020 ## - ISBN |
| Isbn |
9708300667 |
| 040 ## - FUENTE DE CATALOGACIÓN |
| Agencia de catalogación original |
BCEG |
| Idioma de catalogación |
spa |
| Agencia que realiza la transcripción |
BCEG |
| 082 04 - NÚMERO DE CLASIFICACIÓN DECIMAL DEWEY |
| Número de clasificación |
570 |
| Clave de autor-Numero de item |
S796b |
| 100 1# - ASIENTO PRINCIPAL--NOMBRE PERSONAL |
| Nombre del autor personal |
Starr, Cecie. |
| 245 10 - TÍTULO PROPIAMENTE DICHO |
| Título |
Biología |
| Otra información sobre el título - Subtitulo |
: la unidad y diversidad de la vida. |
| 250 ## - MENCIÓN DE EDICIÓN |
| Mención de edición |
12a ed. |
| 260 ## - PUBLICACIÓN, DISTRIBUCIÓN, ETC. (PIE DE IMPRENTA) |
| Lugar de publicación, distribución, etc. |
México : |
| Nombre del editor, distribuidor, etc. |
Cengage, |
| Fecha de publicación, distribución, etc. |
2009. |
| 300 ## - DESCRIPCIÓN FÍSICA |
| Extensión |
1003 p. : |
| Otros detalles físicos |
il. |
| 504 ## - NOTA DE BIBLIOGRAFÍA, ETC. |
| Nota de bibliografía, etc |
Incluye índice, glosario, apéndice y bibliografía. |
| 534 ## - NOTA DE VERSIÓN ORIGINAL |
| Frase introductoria |
Título original: |
| Título original |
Biology : the unity and diversity of life. |
| 541 ## - NOTA DE FUENTE INMEDIATA DE ADQUISICIÓN |
| Nota de fuente de adquisición |
Donación. |
| 650 14 - ASIENTO SECUNDARIO DE MATERIA - TERMINO TEMÁTICO |
| Término temático o nombre geográfico como elemento de entrada |
Biología. |
| 700 1# - ASIENTO SECUNDARIO - NOMBRE PERSONAL |
| Nombre personal |
Taggart, Ralph, |
| Fechas asociadas con el nombre |
1941-., |
| Función o responsabilidad del autor |
coaut. |
| 700 1# - ASIENTO SECUNDARIO - NOMBRE PERSONAL |
| Nombre personal |
Evers, Christine A., |
| Función o responsabilidad del autor |
coaut. |
| 700 1# - ASIENTO SECUNDARIO - NOMBRE PERSONAL |
| Nombre personal |
Starr, Lisa, |
| Función o responsabilidad del autor |
coaut. |
| 700 1# - ASIENTO SECUNDARIO - NOMBRE PERSONAL |
| Nombre personal |
Aguilar Ortega, Ma. Teresa, |
| Función o responsabilidad del autor |
tr. |
| 700 1# - ASIENTO SECUNDARIO - NOMBRE PERSONAL |
| Nombre personal |
Alatorre Miguel, Efrén, |
| Función o responsabilidad del autor |
tr. |
| 700 1# - ASIENTO SECUNDARIO - NOMBRE PERSONAL |
| Nombre personal |
Camas Reyes, José Alberto, |
| Función o responsabilidad del autor |
tr. |
| 700 1# - ASIENTO SECUNDARIO - NOMBRE PERSONAL |
| Nombre personal |
Cebada Vega, Eric Eduardo, |
| Función o responsabilidad del autor |
tr. |
| 942 ## - TIPO DE MATERIAL (KOHA) |
| Tipo de Item KOHA |
Libro |